00488cam a2200181ua 45000010006000000050017000060080039000230200018000620400009000800820016000891000035001052450062001402500012002022600042002143000010002566530013002666530027002791119920260515114723.0190904n ii |||gr||||Z||||||asm a9788193319819 cMAIN a398.0954162 aHemanta Kr. Chaliha,eWriter., aSonowal kachari sanskriti adhayancBy Hemanta Kr. Chaliha a1st ed. aGuwahati:bSatirtha gyanyatra,c2017. a247p. aFolklore aSonowal tribe of Assam